000 00866nas a2200289 4500
001 BR0100422
003 BR-BrBNA
005 20231205102021.0
007 ta
008 230509b bl.|||p| |||| 00| 00por d
040 _aBR-BrBNA
_bpor
_cBiblioteca Nacional de Agricultura
041 _a(Pt)
072 _aJ11
100 1 _aSilva, G.A. da
245 1 _aProducao de metabolitos no armazenamento de uvas "Isabel" (Vitis labrusca L.)e sua relacao com temperatura e vacuo
650 _aUva
650 _aArmazenamento de Alimento
650 _aTemperatura
650 _aRefrigeracao
650 _aEtanol
650 _aMetanol
650 _aAcetato
650 _aRio Grande do Sul
773 0 _tCiencia Rural (Brazil)
_xISSN 0103-8478
_g(Jul-Aug 2000), v. 30(4) p. 705-711
_wBR0100422
909 _a202311
_bLúcia
_c55
_dLúcia Elande
942 _2AGRIS
_n0
_cANA
999 _c165272
_d165272